Catàleg del Col·legi de Periodistes de Catalunya

Journalism, ‘fake news’ & disinformation (Registre núm. 7248)

000 -CABECERA
Longitud fija campo de control 00961nam a22002537a 4500
003 - IDENTIFICADOR DEL NÚMERO DE CONTROL
Identificador del número de control OSt
005 - FECHA Y HORA DE LA ÚLTIMA TRANSACCIÓN
Fecha y hora de la última transacción 20211129142309.0
008 - CÓDIGOS DE INFORMACIÓN DE LONGITUD FIJA
Códigos de información de longitud fija 190830s2018 fr a b i000 0 eng d
020 ## - NÚMERO INTERNACIONAL NORMALIZADO PARA LIBROS
Número Internacional Normalizado para Libros (ISBN) 9789231002816
040 ## - FUENTE DE LA CATALOGACIÓN
Centro catalogador de origen ES-LlUDL
Lengua de catalogación cat
Centro transcriptor CDMR
245 00 - MENCIÓN DE TÍTULO
Título Journalism, ‘fake news’ & disinformation
Resto del título : handbook for journalism education and training /
Mención de responsabilidad, etc. Cherilyn Ireton and Julie Posetti
260 ## - PUBLICACIÓN, DISTRIBUCIÓN, ETC. (PIE DE IMPRENTA)
Lugar de publicación, distribución, etc. Paris, France :
Nombre del editor, distribuidor, etc. UNESCO,
Fecha de publicación, distribución, etc. 2018
300 ## - DESCRIPCIÓN FÍSICA
Extensión 1 recurs en línia (128 p.) :
Otras características físicas il·lustracions color, gràfics, taules
504 ## - NOTA DE BIBLIOGRAFÍA, ETC
Nota de bibliografía, etc. Inclou referències bibliogràfiques i índex
588 0# - NOTA DE FUENTE DE LA DESCRIPCIÓN
Nota de fuente de la descripció,n Descripció del recurs: 30 agost 2019
650 04 - PUNTO DE ACCESO ADICIONAL DE MATERIA - TÉRMINO DE MATERIA
Término de materia o nombre geográfico como elemento inicial Desinformació
9 (RLIN) 4286
650 04 - PUNTO DE ACCESO ADICIONAL DE MATERIA - TÉRMINO DE MATERIA
Término de materia o nombre geográfico como elemento inicial Mitjans de comunicació de massa
Subdivisión de materia general Manipulació
655 #4 - TÉRMINO DE INDIZACIÓN - GÉNERO/FORMA
Datos o término principal de género/forma Llibres electrònics
700 1# - PUNTO DE ACCESO ADICIONAL - NOMBRE DE PERSONA
Nombre de persona Ireton, Cherilyn,
700 1# - PUNTO DE ACCESO ADICIONAL - NOMBRE DE PERSONA
Nombre de persona Posetti, Julie,
710 2# - PUNTO DE ACCESO ADICIONAL - NOMBRE DE ENTIDAD
Nombre de entidad o nombre de jurisdicción como elemento inicial Unesco,
856 40 - LOCALIZACIÓN Y ACCESO ELECTRÓNICO
Nota pública Accés lliure
Identificador Uniforme del Recurso (URI) <a href="http://unesdoc.unesco.org/images/0026/002655/265552E.pdf">http://unesdoc.unesco.org/images/0026/002655/265552E.pdf</a>
942 ## - ENTRADA DE ELEMENTOS AGREGADOS (KOHA)
Koha [por defecto] tipo de item Llibres electrònics
Fuente de clasificaión o esquema
Fons
Suprimido Perdido Estropeado No para pr&eacute;stamo Localizaci&oacute;n permanente Localizaci&oacute;n actual Fecha adquisici&oacute;n Fuente de adquisici&oacute;n C&oacute;digo de barras Fecha &uacute;ltima consulta Fecha del precio de reemplazo Tipo de item de Koha
        Centre de Documentació Montserrat Roig Centre de Documentació Montserrat Roig 2019-08-30 Intercanvi CDMR19080002 2019-08-30 2019-08-30 Llibres electrònics

Implantat amb Koha